Margot Asquith's Great War diary 1914-1916 : the view from Downing Street / selected and edited by Michael and Eleanor Brock ; with the assistance of Mark Pottle.
Margot Asquith was the wife of Herbert Henry Asquith, the Liberal Prime Minister who led Britain into war in August 1914. Asquith's early war leadership drew praise from all quarters, but in December 1916 he was forced from office in a palace coup and replaced by Lloyd George, whose career he had done so much to promote. Margot had both the literary gifts and the vantage point to create, in her diary of these years, a compelling record of her husband's fall from grace. An intellectual socialite with the airs, if not the lineage, of an aristocrat, Margot was both a spectator and a participant in the events she describes and in public affairs could be an ally or an embarrassment -- sometimes both. Her diary vividly evokes the wartime milieu as experienced in 10 Downing Street and describes the great political battles that lay behind the warfare on the Western Front, in which Asquith would himself lose his eldest son. The writing teems with character sketches, including Lloyd George ("a natural adventurer who may make or mar himself any day"), Churchill ("Winston's vanity is septic"), and Kitchener ("a man brutal by nature and by pose"). ever previously published, this candid, witty, and worldly diary gives us a unique insider's view of the center of power and an introduction by Michael Brock, in addition to explanatory footnotes and appendices written with his wife Eleanor, provide the context and background information we need to appreciate them to the full.
Record details
- ISBN: 9780198229773
- ISBN: 0198229771
- ISBN: 9780198737728
- ISBN: 0198737726
- Physical Description: cxlvii, 418 pages : illustrations ; 25 cm
- Publisher: Oxford : Oxford University Press, 2014.
Content descriptions
| General Note: | Includes index. |
| Bibliography, etc. Note: | Includes bibliographical references (pages 369-388) and index. |
| Formatted Contents Note: | Part I: 24 July -- 7 August 1914 -- Part II: 10 August -- 21 December 1914 -- Part III: Januar -- 13 April 1915 -- Part IV: 17 April -- 19 May 1915 -- Part V: 20 May -- 3 August 1915 -- Part VI: 4 August -- 15 November 1915 -- Part VII: 16 November -- 1915 4 May 1915 -- Part VIII: 5 May -- 29 August 1916 -- Part IX: 17 September -- 14 December 1916 -- Epilogue. |
Search for related items by subject
| Genre: | Nonfiction Diaries. Autobiographies. |
Available copies
- 1 of 1 copy available at scottsboropl.
Holds
- 0 current holds with 1 total copy.
Show Only Available Copies
| Location | Call Number / Copy Notes | Barcode | Shelving Location | Status | Due Date |
|---|---|---|---|---|---|
| scottsboropl | 941 Asq | 32269001254732 | Adult - Nonfiction | Available | - |
| LDR | 05236cam a2200973 i 4500 | ||
|---|---|---|---|
| 001 | 163683 | ||
| 003 | SBPL | ||
| 005 | 20240710115128.0 | ||
| 008 | 140619s2014 enkac b 001 0aeng d | ||
| 010 | . | ‡a 2013953437 | |
| 020 | . | ‡a9780198229773 | |
| 020 | . | ‡a0198229771 | |
| 020 | . | ‡a9780198737728 | |
| 020 | . | ‡a0198737726 | |
| 020 | . | ‡z9780191009396 | |
| 020 | . | ‡z0191009393 | |
| 035 | . | ‡a(OCoLC)881496250 ‡z(OCoLC)868825272 ‡z(OCoLC)881509132 ‡z(OCoLC)886882087 ‡z(OCoLC)968763560 | |
| 050 | 4. | ‡aDA566.9.O8 ‡bA3 2014 | |
| 055 | 3. | ‡aDA566.9.O8 ‡bA3 | |
| 082 | 0 | 4. | ‡a941.083092 ‡223 |
| 084 | . | ‡aK835.618.5=52 ‡2clc | |
| 100 | 1 | . | ‡aAsquith, Margot, ‡d1864- 1945.: ‡eauthor |
| 245 | 1 | 0. | ‡aMargot Asquith's Great War diary 1914-1916 : ‡bthe view from Downing Street / ‡cselected and edited by Michael and Eleanor Brock ; with the assistance of Mark Pottle. |
| 264 | 1. | ‡aOxford : ‡bOxford University Press, ‡c2014. | |
| 300 | . | ‡acxlvii, 418 pages : ‡billustrations ; ‡c25 cm | |
| 336 | . | ‡atext ‡btxt ‡2rdacontent | |
| 337 | . | ‡aunmediated ‡bn ‡2rdamedia | |
| 338 | . | ‡avolume ‡bnc ‡2rdacarrier | |
| 500 | . | ‡aIncludes index. | |
| 504 | . | ‡aIncludes bibliographical references (pages 369-388) and index. | |
| 505 | 0 | . | ‡aPart I: 24 July -- 7 August 1914 -- Part II: 10 August -- 21 December 1914 -- Part III: Januar -- 13 April 1915 -- Part IV: 17 April -- 19 May 1915 -- Part V: 20 May -- 3 August 1915 -- Part VI: 4 August -- 15 November 1915 -- Part VII: 16 November -- 1915 4 May 1915 -- Part VIII: 5 May -- 29 August 1916 -- Part IX: 17 September -- 14 December 1916 -- Epilogue. |
| 520 | . | ‡aMargot Asquith was the wife of Herbert Henry Asquith, the Liberal Prime Minister who led Britain into war in August 1914. Asquith's early war leadership drew praise from all quarters, but in December 1916 he was forced from office in a palace coup and replaced by Lloyd George, whose career he had done so much to promote. Margot had both the literary gifts and the vantage point to create, in her diary of these years, a compelling record of her husband's fall from grace. An intellectual socialite with the airs, if not the lineage, of an aristocrat, Margot was both a spectator and a participant in the events she describes and in public affairs could be an ally or an embarrassment -- sometimes both. Her diary vividly evokes the wartime milieu as experienced in 10 Downing Street and describes the great political battles that lay behind the warfare on the Western Front, in which Asquith would himself lose his eldest son. The writing teems with character sketches, including Lloyd George ("a natural adventurer who may make or mar himself any day"), Churchill ("Winston's vanity is septic"), and Kitchener ("a man brutal by nature and by pose"). ever previously published, this candid, witty, and worldly diary gives us a unique insider's view of the center of power and an introduction by Michael Brock, in addition to explanatory footnotes and appendices written with his wife Eleanor, provide the context and background information we need to appreciate them to the full. | |
| 600 | 1 | 0. | ‡aAsquith, Margot, ‡d1864-1945 ‡vDiaries. |
| 600 | 1 | 0. | ‡aAsquith, H. H. ‡q(Herbert Henry), ‡d1852-1928. |
| 650 | 0. | ‡aWorld War, 1914-1918 ‡zGreat Britain ‡vBiography. | |
| 650 | 0. | ‡aPrime ministers' spouses ‡zGreat Britain ‡vBiography. | |
| 650 | 0. | ‡aDiaries. | |
| 651 | 7. | ‡aGreat Britain. | |
| 655 | 7. | ‡aNonfiction | |
| 655 | 7. | ‡aDiaries. | |
| 655 | 7. | ‡aAutobiographies. ‡2lcgft | |
| 700 | 1 | . | ‡aBrock, M. G. ‡q(Michael G.) |
| 700 | 1 | . | ‡aBrock, Eleanor. |
| 901 | . | ‡a163683 ‡bAUTOGEN ‡c163683 ‡tbiblio | |